00522nam a2200181 a 450000100060000000300090000600800410001502000180005604000280007408200180010210000310012024500550015126000320020630000100023865000290024865000370027765000260031423954CO-ViMGA141112s2004 ck r 000 u spa d a9789589446324 aCO-ViMGAbspacCO-ViMGA04a616.936 G653p1 aGomez Marin, Jorge Enrique10aProtozoologia medica / cJorge Enrique Gomez Marin aColombia : bmanual moderno a288p.14a2 : PROTOZOOS PATOGENOS 14a3 : INFECCIONES POR PROTOZOARIOS14aPROTOZOOLOGIA MEDICA